MANAGEMENT ACCOUNTING FOR BUSINESS (Record no. 215889)

MARC details
000 -LEADER
fixed length control field 00508nam a22001817a 4500
008 - FIXED-LENGTH DATA ELEMENTS--GENERAL INFORMATION
fixed length control field 250711b |||||||| |||| 00| 0 eng d
020 ## - INTERNATIONAL STANDARD BOOK NUMBER
International Standard Book Number 978-1-4080-9381-8
050 ## - LIBRARY OF CONGRESS CALL NUMBER
Classification number HF 5657 .D78 2016
100 ## - MAIN ENTRY--PERSONAL NAME
Personal name DRURY, COLIN
245 ## - TITLE STATEMENT
Title MANAGEMENT ACCOUNTING FOR BUSINESS
250 ## - EDITION STATEMENT
Edition statement 6
260 ## - PUBLICATION, DISTRIBUTION, ETC.
Place of publication, distribution, etc. UNITED KINGDOM
Name of publisher, distributor, etc. CENGAGE LEARNING EMEA
Date of publication, distribution, etc. 2016
300 ## - PHYSICAL DESCRIPTION
Extent XIX,520P.:ILL
500 ## - GENERAL NOTE
General note INCLUDES BIBLIOGRAPHICAL REFERENCES AND INDEX
650 ## - SUBJECT ADDED ENTRY
Topical term or geographic name entry element ACCOUNTING
942 ## - ADDED ENTRY ELEMENTS (KOHA)
Source of classification or shelving scheme Library of Congress Classification
Koha item type Long Loan Book
Holdings
Withdrawn status Lost status Source of classification or shelving scheme Damaged status Not for loan Collection Home library Current library Shelving location Date acquired Inventory number Total checkouts Full call number Barcode Date last seen Copy number Price effective from Koha item type
    Library of Congress Classification     Business & Economics Kisii University Library Kisii University Library On Display 07/11/2025 109102   HF 5657.4 .D78 2016 000000023900 07/11/2025 1 07/11/2025 Long Loan Book
    Library of Congress Classification     Business & Economics Kisii University Library Kisii University Library On Display 07/11/2025 109103   HF 5657.4 .D78 2016 000000023899 07/11/2025 2 07/11/2025 Long Loan Book
    Library of Congress Classification     Business & Economics Kisii University Library Kisii University Library On Display 07/11/2025 109104   HF 5657.4 .D78 2016 000000023898 07/11/2025 3 07/11/2025 Long Loan Book
    Library of Congress Classification     Business & Economics Kisii University Library Kisii University Library On Display 07/11/2025 109105   HF 5657.4 .D78 2016 000000023927 07/11/2025 4 07/11/2025 Long Loan Book
    Library of Congress Classification     Business & Economics Kisii University Library Kisii University Library On Display 07/11/2025 109106   HF 5657.4 .D78 2016 000000023926 07/11/2025 5 07/11/2025 Long Loan Book